00385nam a22001457a 4500003000400000008004100004020001800045082001400063100002400077245005200101250002100153260004200174300001100216650001200227OSt240805b |||||||| |||| 00| 0 eng d a9788129142153 a158.1 KAL aKALAM, A.P.J. Abdul aLearning How to Fly: Life Lessons for the Youth a27th. Impression aNew Delhi,bRupa, Publication,c2024, a163 p. aEnglish